00349pab a2200109 454500008004000000100002400040245010200064260000900166300001000175650002200185773003200207180718b1983 xxu||||| |||| 00| 0 eng d aKennedy, Michael D. aUrban fiscal crisis and forms of expenditurebAn empirical evaluation of structurist urban theory c1983 a34-40 aMunicipal Finance aComparative Urbana Research